| 000 | 00000nam 2200000za 4500 |
| 001 | 9.846800 |
| 003 | CaOODSP |
| 005 | 20221107153306 |
| 007 | cr ||||||||||| |
| 008 | 171108s1937 onc os f000 0 fre d |
| 040 | |aCaOODSP|bfre |
| 041 | |aeng|afre |
| 043 | |an-cn--- |
| 086 | 1 |aCS81-D/62-1937-PDF |
| 245 | 04|aThe extent of language study in high schools |h[ressource électronique] / |cDominion Bureau of Statistics, Education Statistics Branch. |
| 246 | 1 |iTitre de la couverture additionnelle : |aÉtudes des langues dans les lycées |
| 260 | |aOttawa : |bDominion Bureau of Statistics, |c1937. |
| 300 | |a11 p. |
| 490 | 1 |aEducation bulletin ; |vno. 5, 1937 |
| 500 | |aTitre de la couv. |
| 500 | |aÉdition numérisée de l'imprimé [par Statistique Canada]. |
| 530 | |aÉgalement publ. en version imprimée. |
| 546 | |aTexte en anglais et en français. |
| 692 | 07|2gccst|aFormation linguistique |
| 692 | 07|2gccst|aEnseignement secondaire |
| 692 | 07|2gccst|aStatistiques |
| 710 | 1 |aCanada.|bBureau fédéral de la statistique.|bBranche de l'éducation. |
| 791 | |tThe extent of language study in high schools |eeng|w(CaOODSP)9.846797 |
| 830 | #0|aBulletin de l'éducation (Ottawa, Ont.)|vno. 5, 1937|w(CaOODSP)9.841638 |
| 856 | 40|qPDF|s366 Ko|uhttps://publications.gc.ca/collections/collection_2017/statcan/CS81-D-62-1937.pdf |
| 986 | |a81-D-62 |